| 000 | 00486nam a22001817a 4500 | ||
|---|---|---|---|
| 005 | 20260226121042.0 | ||
| 008 | 250717b |||||||| |||| 00| 0 eng d | ||
| 020 | _a978-186197-769-4 | ||
| 050 |
_aHQ 31 .G74 2003 _b109085 |
||
| 100 | _aGreene Robert | ||
| 245 | _aThe Art Of Seduction | ||
| 260 |
_aUSA _bViking Penguin |
||
| 300 | _aIX-467 P. | ||
| 500 | _aIt has selected bibliography together with index | ||
| 650 | _aseduction | ||
| 700 | _aGreene Robert | ||
| 942 |
_2lcc _cBK |
||
| 999 |
_c215914 _d215914 |
||